Datum a čas kvízu
28.5
Celkem bodů
Celkový počet nahraných bodů na tomto kvízu bez doplňovacích otázek.
12.
Pořadí na kvízu
Konečné umístění týmu na tomto kvízu.
Zaznamenané odpovědi
| # | Otázka | Odpověď | Body | Výsledky |
|---|---|---|---|---|
| 1. | Minulý týden byl představen ví... | (český) lev | 1 | |
| 2. | Po více než 80 letech se do je... | Pompeje | 1 | |
| 3. | Zříceninu jednoho českého hrad... | Trosky; Kingdom Come: Deliverance (2) | 1 | |
| 4. | Novým majitelem zkrachovalé hu... | Martin Pecina | 1 | |
| 5. | Novinářskou anketu Zlatý míč o... | Pavel Šulc | 1 | |
| 6. | Jak se jmenují herečtí předsta... | Václav Lohniský, Valerie Kaplanová | 0 | |
| 7. | „Tanec smrti“ je výtvarné téma... | danse macabre | 1 | |
| 8. | Pikové eso bývá nazýváno karto... | 2003 (bod připisujeme za odpovědi 2002 až 2004) | 1 | |
| 9. | Doplňte tři slova v názvu romá... | si říká Engelchen | 1 | |
| 10. | Napište čtyřpísmenné jméno hin... | Kálí | 1 |